[Event "Open"]
[Site "Zagreb CRO"]
[Date "2007.03.21"]
[Round "5"]
[White "Topel,Z"]
[Black "Bender,I"]
[Result "0-1"]
[WhiteElo "2230"]
[BlackElo "2311"]

1.d4 Nf6 2.c4 e6 3.Nf3 b6 4.g3 Ba6 5.b3 Bb4+ 6.Bd2 Be7 7.Bg2 c6 8.O-O d5
9.Qc2 Nbd7 10.Rd1 Rc8 11.Bf4 O-O 12.Nbd2 c5 13.dxc5 Bxc5 14.e3 b5 15.Ne5 g5
16.Nxf7 Rxf7 17.Bxg5 Be7 18.Bh3 Qb6 19.Rab1 Nf8 20.Bh6 N6d7 21.Qd3 bxc4 22.bxc4 Qd6
23.Bf4 e5 24.Qxd5 exf4 25.Ne4 Qxd5 26.cxd5 fxe3 27.fxe3 Rg7 28.Rb2 Rc4 29.Be6+ Nxe6
30.dxe6 Nf8 31.Nd6 Bxd6 32.Rxd6 Bc8 33.Rb8 Re7 34.Rd8 Rxe6 35.Rbxc8 Rxc8
36.Rxc8 Rxe3 37.a4 Re4  0-1

[Event "Rector Cup m"]
[Site "Kharkiv UKR"]
[Date "2007.03.22"]
[Round "6"]
[White "Zubarev,Al1"]
[Black "Maiorov,N"]
[Result "1/2-1/2"]
[WhiteElo "2514"]
[BlackElo "2516"]

1.d4 Nf6 2.c4 e6 3.Nf3 b6 4.g3 Ba6 5.b3 Bb4+ 6.Bd2 Be7 7.Bg2 d5 8.Nc3 Bb7
9.cxd5 exd5 10.O-O O-O 11.Bc1 Nbd7 12.Bb2 Re8 13.Rc1 a6 14.Ne5 Bd6 15.f4 b5
16.Kh1 Nb6 17.e3 Ne4 18.Nxe4 dxe4 19.Qc2 Qe7 20.Bxe4 Bxe4+ 21.Qxe4 f6 22.Qc6 fxe5
23.fxe5 Rad8 24.exd6 Rxd6 25.Qxc7 Qe4+ 26.Kg1 Qxe3+ 27.Kh1 Qe4+ 28.Kg1 Qe3+
29.Kh1 Qe4+  1/2-1/2

[Event "Vladimir Zak mem"]
[Site "St Petersburg RUS"]
[Date "2007.03.30"]
[Round "7"]
[White "Zhukov,Dm"]
[Black "Semenenko,S"]
[Result "0-1"]
[WhiteElo "2176"]
[BlackElo "2196"]

1.d4 Nf6 2.c4 e6 3.Nf3 b6 4.g3 Ba6 5.b3 Bb4+ 6.Bd2 Be7 7.Nc3 d5 8.Bg2 c6
9.O-O O-O 10.cxd5 cxd5 11.Rc1 Nbd7 12.Re1 Rc8 13.h3 b5 14.g4 b4 15.Nb1 Ne4
16.Bf4 Qa5 17.Rc2 h6 18.Ne5 Nxe5 19.Bxe5 Rxc2 20.Qxc2 Rc8 21.Qb2 f6 22.Bf4 g5
23.Bxe4 dxe4 24.Bd2 Qd5 25.a3 Bb7 26.e3 a5 27.Rc1 Qb5 28.axb4 axb4 29.Be1 f5
30.Nd2 Qe2 31.gxf5 exf5 32.d5 Rxc1 33.Qxc1 Bxd5 34.Qc8+ Bf8 35.Qxf5 Qxe1+
36.Nf1 Bxb3 37.Qg6+ Bg7 38.Qe8+ Kh7 39.Qxe4+ Kh8 40.Kg2 Qc3 41.Ng3 Bf7 42.Qb7 Bg8
43.Nf5 Qf6 44.Nxg7 Qxg7 45.Qxb4 Qf6 46.Qb8 Kg7 47.Qc7+ Bf7 48.Qc5 Be6 49.Qc7+ Kg6
50.Qc2+ Qf5 51.Qxf5+ Kxf5 52.Kg3 h5 53.h4 g4  0-1

[Event "ch-Catalonia"]
[Site "Barcelona ESP"]
[Date "2007.04.02"]
[Round "2"]
[White "Fernandez Gonzalez,J"]
[Black "Cruz,F"]
[Result "0-1"]
[WhiteElo "2072"]
[BlackElo "2357"]

1.d4 Nf6 2.c4 e6 3.Nf3 b6 4.g3 Ba6 5.b3 Bb4+ 6.Bd2 Be7 7.Nc3 d5 8.Bg2 O-O
9.Ne5 c6 10.cxd5 cxd5 11.O-O Nfd7 12.Bf4 Nxe5 13.Bxe5 Nc6 14.a3 Nxe5 15.dxe5 Rc8
16.Qd4 Qd7 17.Rfc1 f6 18.Qg4 f5 19.Qd4 Rc5 20.e4 fxe4 21.Nxe4 Rxc1+ 22.Rxc1 Bxa3
23.Ra1 Qc7 24.Ng5 Bc5 25.Qh4 h6 26.Nxe6 Qxe5 27.Qa4 Bb5 28.Qxa7 Qxe6  0-1

[Event "30th Open"]
[Site "San Sebastian ESP"]
[Date "2007.04.02"]
[Round "2"]
[White "Lakunza,J"]
[Black "Sakelsek,T"]
[Result "0-1"]
[WhiteElo "2170"]
[BlackElo "2487"]

1.d4 Nf6 2.c4 e6 3.Nf3 b6 4.g3 Ba6 5.Nbd2 Bb4 6.Qb3 Qe7 7.Bg2 Bb7 8.O-O O-O
9.Rd1 a5 10.a3 Bxd2 11.Bxd2 a4 12.Qe3 d6 13.d5 e5 14.Nd4 Qd7 15.Nb5 Na6 16.Bc3 Nc5
17.Qg5 Ba6 18.f4 Nfe4 19.Qh4 Bxb5 20.cxb5 Nxc3 21.bxc3 exf4 22.Rab1 fxg3
23.hxg3 Rae8 24.Bf3 Qe7 25.Rb4 Qe3+ 26.Kg2 Qxc3 27.Rh1 h6 28.Rg4 Kh7 29.Rg5 Qf6
30.Bh5 Re4  0-1

[Event "Spring Open"]
[Site "Belgrade SRB"]
[Date "2007.04.03"]
[Round "9"]
[White "Djurdjevic,P"]
[Black "Damjanovic,B"]
[Result "1/2-1/2"]
[WhiteElo "2009"]
[BlackElo "2066"]

1.d4 Nf6 2.c4 e6 3.Nf3 b6 4.g3 Ba6 5.Nbd2 c5 6.Bg2 Bb7 7.e3 d5 8.b3 dxc4
9.bxc4 cxd4 10.exd4 Be7 11.Bb2 O-O 12.O-O Nbd7 13.Re1 Re8 14.Qb3 Rc8 15.Rac1 Qc7
16.a4 a5 17.Bc3 Ba6 18.Bf1 Bb7 19.Bg2 Ba6 20.Bf1 Bb7 21.h3 Bf8 22.Bg2 Ba6  1/2-1/2

[Event "9th Open"]
[Site "Foxwoods USA"]
[Date "2007.04.05"]
[Round "2"]
[White "Bercys,S"]
[Black "Arnold,M"]
[Result "1-0"]
[WhiteElo "2438"]
[BlackElo "2237"]

1.d4 Nf6 2.Nf3 e6 3.c4 b6 4.g3 Ba6 5.b3 c6 6.Bg2 d5 7.O-O Be7 8.Qc2 Nbd7
9.Nbd2 O-O 10.e4 dxe4 11.Nxe4 Nxe4 12.Qxe4 Bb7 13.Rd1 Qc7 14.Bf4 Bd6 15.Bxd6 Qxd6
16.Qh4 Rad8 17.Rac1 Qc7 18.c5 e5 19.b4 exd4 20.Nxd4 bxc5 21.bxc5 Nf6 22.Nf5 Rxd1+
23.Rxd1 Rd8 24.Rb1 Ba6 25.Qg5 Ne8 26.Bxc6 Bd3 27.Rb7 Qa5 28.Ne3 f6 29.Qg4 Bg6
30.Qe6+ Kh8 31.Qe7 Qe1+ 32.Kg2  1-0

[Event "9th Open"]
[Site "Foxwoods USA"]
[Date "2007.04.06"]
[Round "4"]
[White "Bartell,T"]
[Black "Bradford,J"]
[Result "1/2-1/2"]
[WhiteElo "2389"]
[BlackElo "2424"]

1.d4 Nf6 2.c4 e6 3.Nf3 b6 4.g3 Ba6 5.b3 Bb4+ 6.Bd2 Be7 7.Bg2 c6 8.O-O d5
9.Qc2 Nbd7 10.Rd1 O-O 11.Bf4 Nh5 12.Bc1 Nhf6 13.Bb2 Rc8 14.Nc3 Qc7 15.e4 dxc4
16.Qb1 b5 17.bxc4 b4 18.Ne2 Bxc4 19.Nf4 Rfd8 20.Qc2 Bb5 21.Rac1 Qb8 22.Qb1 a5
23.Bh3 Nf8 24.d5 cxd5 25.Rxc8 Qxc8 26.exd5 Qa6 27.dxe6 Rxd1+ 28.Qxd1 fxe6
29.Ne5 a4 30.Qc2 Qd6 31.Bf1 Bxf1 32.Kxf1 a3 33.Ba1 Nd5 34.Nfd3 Bf6 35.Nc4 Qa6
36.Bxf6 gxf6 37.Kg1 Nc3 38.Qb3 Nd5 39.Nxb4 Qb5 40.Nc2 Qxb3 41.axb3 a2 42.Kf1 Nd7
43.Ke2 Nc5 44.Na1 Kg7 45.Ne3 Nb4 46.f3 Nc6 47.Nec2 e5  1/2-1/2

[Event "Open"]
[Site "Sydney AUS"]
[Date "2007.04.14"]
[Round "9"]
[White "Antic,De"]
[Black "Chandler,M"]
[Result "1-0"]
[WhiteElo "2443"]
[BlackElo "2548"]

1.d4 Nf6 2.c4 e6 3.Nf3 b6 4.g3 Ba6 5.b3 Bb7 6.Bg2 Bb4+ 7.Bd2 a5 8.O-O O-O
9.Nc3 d6 10.Rc1 Nbd7 11.d5 e5 12.Nb5 Bxd2 13.Nxd2 Nc5 14.a3 Qd7 15.Nc3 Rae8
16.b4 axb4 17.axb4 Na6 18.Rb1 Ng4 19.e4 g6 20.Na4 Bc8 21.h3 Nh6 22.c5 bxc5
23.bxc5 dxc5 24.Rc1 f5 25.exf5 Nxf5 26.Ne4 Nd4 27.Naxc5 Nxc5 28.Nxc5 Qb5
29.Re1 Qb6 30.Re3 Re7 31.f4 Nf5 32.Rxe5 Rxe5 33.fxe5 Qb2 34.Qe1 Nxg3 35.Nd3 Qd4+
36.Kh2 Nf5 37.Qe4 Qb6 38.Rc6 Qa5 39.e6 Nd6  1-0

[Event "2nd Open"]
[Site "d'Angers FRA"]
[Date "2007.04.15"]
[Round "6"]
[White "Bailet,P"]
[Black "Pham Minh Hoang"]
[Result "1/2-1/2"]
[WhiteElo "2128"]
[BlackElo "2476"]

1.d4 Nf6 2.c4 e6 3.Nf3 b6 4.g3 Ba6 5.b3 Bb4+ 6.Bd2 Be7 7.Bg2 c6 8.Bc3 d5
9.Ne5 Nfd7 10.Nxd7 Nxd7 11.Nd2 O-O 12.O-O f5 13.Nf3 dxc4 14.Nd2 b5 15.bxc4 bxc4
16.Bxc6 Rc8 17.Bg2 Nb6 18.e4 Bb7 19.a4 Bf6 20.a5 Na8 21.Rb1 Bc6 22.Bb4 Rf7
23.Nxc4 Bxe4 24.Nd6 Bxb1 25.Nxf7 Kxf7 26.Qxb1 Bxd4 27.Rd1 Rb8  1/2-1/2

[Event "Reykjavik International"]
[Site "Reykjavik ISL"]
[Date "2007.04.16"]
[Round "6"]
[White "Asbjornsson,I"]
[Black "Kjartansson,G"]
[Result "0-1"]
[WhiteElo "2016"]
[BlackElo "2279"]

1.d4 Nf6 2.Nf3 e6 3.c4 b6 4.g3 Ba6 5.b3 Bb4+ 6.Bd2 Be7 7.Bg2 d5 8.Ne5 O-O
9.O-O Bb7 10.Nc3 a5 11.Qc2 Na6 12.Rad1 Bb4 13.Bg5 Bxc3 14.Qxc3 Ne4 15.Bxe4 Qxg5
16.Bg2 Rac8 17.Rfe1 Rfd8 18.Nd3 c5 19.cxd5 Bxd5 20.Bxd5 Qxd5 21.dxc5 Nxc5
22.Nxc5 Qxd1 23.Rxd1 Rxd1+ 24.Kg2 Rxc5 25.Qf3 Rdd5 26.Qf4 e5 27.Qa4 g6 28.Qe8+ Kg7
29.Qb8 Rd2 30.Qxb6 Rcc2 31.Qxa5 Rxe2 32.Kh3 Rxa2 33.Qc5 h5 34.Kh4 Rxf2 35.Qxe5+ Rf6
36.h3 Rf2 37.g4 hxg4 38.hxg4 Kh7 39.b4 R6f3 40.Qc7 Rb3 41.Qc4 g5+  0-1

[Event "Chess Classic Open"]
[Site "Gausdal NOR"]
[Date "2007.04.22"]
[Round "5"]
[White "Greet,A"]
[Black "Hammer,J"]
[Result "1-0"]
[WhiteElo "2428"]
[BlackElo "2346"]

1.d4 Nf6 2.Nf3 e6 3.c4 b6 4.g3 Ba6 5.b3 c6 6.Bg2 d5 7.O-O Nbd7 8.Nbd2 Be7
9.Re1 O-O 10.Bb2 Bb7 11.e4 Nxe4 12.Nxe4 dxe4 13.Rxe4 c5 14.Re2 cxd4 15.Qxd4 Bf6
16.Qe3 Bxb2 17.Rxb2 Qf6 18.Rab1 Rad8 19.Rd2 Nb8 20.Rbd1 Qe7 21.Nd4 Bxg2 22.Kxg2 a6
23.Qe4 Qc7 24.Nf3 Qc6 25.Ng5 Rxd2 26.Rxd2 h6 27.Rd6 Qxe4+ 28.Nxe4 b5 29.cxb5 axb5
30.Rb6 Nd7 31.Rxb5 Rc8 32.a4 Rc2 33.a5 f5 34.Nd6 Ra2 35.Nb7 Nf6 36.Nc5 Ng4
37.Nd3 e5 38.h3 e4 39.hxg4 exd3 40.Kf3 fxg4+ 41.Ke3 d2 42.Ke2 Kf7 43.b4 Ke6
44.Rb6+ Kd5 45.a6 Kc4 46.b5 d1=Q+ 47.Kxd1 Kd3 48.Kc1 Kc3 49.Kb1 Rb2+ 50.Ka1 Rxf2
51.Re6 Rf1+ 52.Ka2 Rf2+ 53.Ka3 Rf1 54.Rc6+ Kd4 55.Kb4 Ra1 56.Rg6 h5 57.Rxg7 Rb1+
58.Ka5 Kc5 59.Rg5+  1-0

[Event "9th Open"]
[Site "Dubai UAE"]
[Date "2007.04.26"]
[Round "5"]
[White "Sharif,Me"]
[Black "Megaranto,S"]
[Result "0-1"]
[WhiteElo "2455"]
[BlackElo "2530"]

1.d4 Nf6 2.c4 e6 3.Nf3 b6 4.g3 Ba6 5.b3 Bb7 6.Bg2 Bb4+ 7.Bd2 a5 8.Nc3 O-O
9.O-O d6 10.Ne1 Bxg2 11.Nxg2 Nbd7 12.Qc2 d5 13.cxd5 exd5 14.Bg5 c6 15.a3 Be7
16.Nh4 h6 17.Bxf6 Bxf6 18.Nf3 Be7 19.Na2 Bxa3 20.Qxc6 Nf6 21.Qb5 Ne4 22.Qd3 Rc8
23.Ne5 Re8 24.f3 Nc5 25.Qd1 Nd7 26.Nxd7 Qxd7 27.Qd3 Qe6 28.Kf2 Qg6 29.Qb5 Re6
30.Qxd5 Rxe2+ 31.Kxe2 Qc2+ 32.Ke3 Re8+ 33.Kf4 Bd6+ 34.Qxd6 g5+  0-1

[Event "TCh-RUS HL"]
[Site "Sochi RUS"]
[Date "2007.05.05"]
[Round "3"]
[White "Evdokimov,Alexa"]
[Black "Lanin,A"]
[Result "1/2-1/2"]
[WhiteElo "2530"]
[BlackElo "2465"]

1.d4 Nf6 2.c4 e6 3.Nf3 b6 4.g3 Ba6 5.b3 Bb4+ 6.Bd2 Be7 7.Nc3 d5 8.cxd5 exd5
9.Bg2 O-O 10.O-O c6 11.Re1 Nbd7 12.Nh4 Re8 13.Nf5 Bf8 14.e4 dxe4 15.Nxe4 Re6
16.Rc1 Nxe4 17.Bxe4 Nf6 18.Bg2 Rc8 19.Bh3 Rxe1+ 20.Qxe1 c5 21.Qe5 Nd7 22.Qd5 Nf6
23.Qf3 Rb8 24.Qf4 Bb7 25.Bg2 Bxg2 26.Kxg2 Qd5+ 27.Qf3 Rd8 28.Bc3 Qxf3+ 29.Kxf3 g6
30.dxc5 Nd5 31.Nd6 Nxc3 32.Rxc3 Bxd6 33.cxd6 Rxd6 34.Rc7  1/2-1/2

[Event "TCh-RUS HL"]
[Site "Sochi RUS"]
[Date "2007.05.05"]
[Round "3"]
[White "Brodsky,M"]
[Black "Zontakh,A"]
[Result "1/2-1/2"]
[WhiteElo "2597"]
[BlackElo "2549"]

1.d4 Nf6 2.c4 e6 3.Nf3 b6 4.g3 Ba6 5.b3 Bb7 6.Bg2 Bb4+ 7.Bd2 a5 8.O-O O-O
9.Qc2 Na6 10.Nc3 d5 11.a3 Be7 12.cxd5 exd5 13.Bf4 Re8 14.Rfd1 h6 15.Ne5 Bf8
16.Qb2 c5 17.Nb5 cxd4 18.Nf3 Ne4 19.Nfxd4 Qf6 20.f3 Ng5 21.Qd2 Rac8 22.Rab1 Rc5
23.h4 Ne6 24.Be3 Rcc8 25.Ra1 Nac5 26.Bf2 Ba6 27.Rab1 Nxd4 28.Nxd4 Ne6 29.b4 axb4
30.axb4 Nxd4 31.Qxd4 Qxd4 32.Rxd4 Bxe2 33.Rxd5  1/2-1/2

[Event "TCh-RUS HL"]
[Site "Sochi RUS"]
[Date "2007.05.06"]
[Round "4"]
[White "Dmitrienko,And"]
[Black "Buldakov,E"]
[Result "1-0"]
[WhiteElo "2301"]
[BlackElo "2302"]

1.d4 Nf6 2.Nf3 e6 3.c4 b6 4.g3 Ba6 5.b3 Bb4+ 6.Bd2 Be7 7.Bg2 c6 8.Bc3 d5
9.Ne5 Nbd7 10.Nxd7 Nxd7 11.Nd2 O-O 12.O-O Rc8 13.e4 b5 14.Re1 bxc4 15.bxc4 dxc4
16.Qa4 Bb5 17.Qc2 Re8 18.a4 Ba6 19.Rad1 Bf8 20.Nf1 Qb6 21.Rb1 Qc7 22.Ne3 Rb8
23.Bf1 Rxb1 24.Rxb1 e5 25.Bxc4 Bxc4 26.Nxc4 exd4 27.Bxd4 c5 28.Bc3 Qc6 29.Nd2 h6
30.a5 Be7 31.f3 Bg5 32.f4 Bd8 33.e5 Bc7 34.Qe4 Qxe4 35.Nxe4 Rb8 36.Rxb8+ Bxb8
37.Kf2 a6 38.Ke3 Kf8 39.Kd3 Ke7 40.Kc4 h5 41.Kd5 Ba7 42.Bb2 c4 43.Ba3+ Kd8
44.Kxc4 Kc7 45.Kd5 Bg1 46.h3 Bh2 47.f5 h4 48.Bd6+ Kb7 49.e6  1-0

[Event "ch-LTU"]
[Site "Siauliai LTU"]
[Date "2007.05.07"]
[Round "3"]
[White "Butnorius,A"]
[Black "Sulskis,S"]
[Result "1/2-1/2"]
[WhiteElo "2402"]
[BlackElo "2528"]

1.d4 Nf6 2.c4 e6 3.Nf3 b6 4.g3 Ba6 5.b3 Bb4+ 6.Bd2 Be7 7.Bg2 c6 8.Bc3 d5
9.Nbd2 Nbd7 10.O-O O-O 11.Re1 c5 12.e4 Nxe4 13.Nxe4 dxe4 14.Rxe4 Bb7 15.Re3 Nf6
16.Ne5 cxd4 17.Bxd4 Qc7 18.Bxb7 Qxb7 19.Qf3 Qxf3 20.Rxf3 Rac8 21.Rd1 Ne4
22.Re3 Nc5 23.Bxc5 Bxc5 24.Red3 a6 25.Nd7 Rfe8 26.Nxc5 Rxc5 27.Rd6 b5 28.R1d4 bxc4
29.Rxc4 Rxc4 30.bxc4 Ra8 31.Kf1 Kf8 32.Ke2 g5 33.Kd3 Ke7 34.Rb6 g4 35.Rb7+ Kf6
36.Rd7 Rb8 37.Kc3 Rb1 38.Rd2 Ke7 39.c5 f5 40.Kc4 h5 41.a4 Kf6 42.Rc2 Ke7
43.Rd2 Kf6 44.Rc2  1/2-1/2

[Event "FSIM May"]
[Site "Budapest HUN"]
[Date "2007.05.12"]
[Round "8"]
[White "Werner,Di"]
[Black "Gauri,S"]
[Result "1/2-1/2"]
[WhiteElo "2358"]
[BlackElo "2131"]

1.d4 Nf6 2.c4 e6 3.Nf3 b6 4.g3 Ba6 5.Qc2 c5 6.d5 exd5 7.cxd5 d6 8.Nc3 Be7
9.Bg2 b5 10.O-O Nbd7 11.Rd1 O-O 12.a3 Re8  1/2-1/2

[Event "25th Liechtenstein Open"]
[Site "Triesen LIE"]
[Date "2007.05.14"]
[Round "4"]
[White "Kantorik,M"]
[Black "Pavlovic,Milos"]
[Result "1/2-1/2"]
[WhiteElo "2359"]
[BlackElo "2534"]

1.d4 Nf6 2.c4 e6 3.Nf3 b6 4.g3 Ba6 5.b3 Bb7 6.Bg2 Bb4+ 7.Bd2 c5 8.O-O O-O
9.Bxb4 cxb4 10.Nbd2 d6 11.Qc2 Nc6 12.Rfd1 Rc8 13.Qb2 a5 14.e4 Qc7 15.d5 Ne5
16.Nxe5 dxe5 17.a3 Nd7 18.axb4 axb4 19.Nf3 exd5 20.exd5 Qd6 21.Ra7 Rc7 22.Re1 f6
23.Qd2 b5 24.cxb5 Rfc8 25.Nh4 g6 26.Rd1  1/2-1/2

[Event "3rd UKR Games Men"]
[Site "Evpatoria UKR"]
[Date "2007.05.22"]
[Round "3"]
[White "Tishin,D"]
[Black "Baklan,V"]
[Result "0-1"]
[WhiteElo "2308"]
[BlackElo "2618"]

1.d4 Nf6 2.c4 e6 3.Nf3 b6 4.g3 Ba6 5.Qa4 Bb7 6.Bg2 c5 7.dxc5 bxc5 8.O-O Be7
9.Nc3 O-O 10.Rd1 d6 11.Bf4 a6 12.Qc2 Qc7 13.e4 Nc6 14.h3 h6 15.Be3 Rfd8 16.Qe2 Nd7
17.Rac1 Bf6 18.Nh2 Bd4 19.Nf3 Bxe3 20.Qxe3 Nde5 21.Ne2 Nxf3+ 22.Bxf3 Qe7
23.Bg2 a5 24.Nc3 a4 25.Nb5 e5 26.b3 axb3 27.axb3 Rab8 28.Rb1 Ba6 29.Nc3 Nd4
30.Nd5 Qd7 31.f4 f6 32.Kh2 Bb7 33.Nc3 Bc6 34.Ne2 Qb7 35.Rg1 Ra8 36.Nc1 exf4
37.gxf4 Re8 38.Qg3 Bxe4 39.Bxe4 Rxe4 40.Rb2 Rae8 41.Rbg2 R8e7  0-1

[Event "3rd UKR Games Women"]
[Site "Evpatoria UKR"]
[Date "2007.05.23"]
[Round "4"]
[White "Kostiuk,T"]
[Black "Abramchuk,K"]
[Result "1-0"]
[WhiteElo "2232"]
[BlackElo "2156"]

1.d4 Nf6 2.Nf3 e6 3.c4 b6 4.g3 Ba6 5.Nbd2 Bb4 6.Qc2 O-O 7.Bg2 c6 8.O-O d5
9.Ne5 Nfd7 10.Nxd7 Qxd7 11.Nf3 f6 12.b3 b5 13.c5 Ba5 14.Bb2 Bc7 15.e4 Qf7
16.Rfe1 Nd7 17.Re3 Rfe8 18.Rae1 Nf8 19.Qe2 Ba5 20.Rd1 Ng6 21.Bh3 f5 22.Ng5 Qd7
23.exf5 exf5 24.Ne6 Qf7 25.a3 Nf8 26.Nxf8 Kxf8 27.b4 Bc7 28.Re1 g6 29.Bc1 Rxe3
30.Bxe3 Qd7 31.Bh6+ Kf7 32.Bxf5 gxf5 33.Qh5+ Kg8 34.Qg5+ Kh8 35.Qf6+ Kg8
36.Re7  1-0

[Event "3rd UKR Games Men"]
[Site "Evpatoria UKR"]
[Date "2007.05.23"]
[Round "5"]
[White "Miroshnichenko,E"]
[Black "Shneider,A"]
[Result "0-1"]
[WhiteElo "2646"]
[BlackElo "2532"]

1.d4 Nf6 2.c4 e6 3.Nf3 b6 4.g3 Ba6 5.Qc2 Bb7 6.Bg2 c5 7.d5 exd5 8.cxd5 Nxd5
9.Qb3 Nf6 10.Ne5 d5 11.Nc3 Nbd7 12.Bf4 c4 13.Qa4 a6 14.O-O-O b5 15.Qc2 Bd6
16.Ng6 hxg6 17.Bxd6 Nb6 18.Nxd5 Nbxd5 19.Bxd5 Bxd5 20.Rxd5 Nxd5 21.Qe4+ Ne7
22.Bxe7 f5 23.Qc6+ Kxe7 24.Rd1 Qe8 25.Qc7+ Kf8 26.Rd7 Rxh2 27.g4 Rh7 28.Qd6+  0-1

[Event "Memorial Day Classic"]
[Site "Los Angeles USA"]
[Date "2007.05.26"]
[Round "1"]
[White "Moussa,A"]
[Black "Richardson,Ry"]
[Result "1/2-1/2"]
[WhiteElo "2223"]
[BlackElo "2057"]

1.d4 Nf6 2.c4 e6 3.Nf3 b6 4.g3 Ba6 5.b3 Bb4+ 6.Bd2 Be7 7.Bg2 Bb7 8.Nc3 O-O
9.Qc2 c5 10.d5 exd5 11.Ng5 g6 12.cxd5 Na6 13.h4 Nb4 14.Qb1 Nbxd5 15.Nxd5 Bxd5
16.e4 Bc6 17.O-O Qc7 18.Re1 d6 19.Qc2 Rfe8 20.Bc3 Qb7 21.Rad1 Rad8 22.Qe2 Nh5
23.Qf3 Bf8 24.g4 Ng7 25.Bf6 Rc8 26.Qf4 Ne6 27.Nxe6 Rxe6 28.g5 Rce8 29.f3 Ra8
30.Bh3 Ree8 31.h5 d5 32.e5 Bd7 33.hxg6 fxg6 34.e6 Bc8 35.Bg4 Bg7 36.Qe5 d4
37.e7 Bxg4 38.fxg4 Qf3 39.Qe6+ Kh8 40.Bxg7+ Kxg7 41.Qe5+ Kg8 42.Qe6+ Kg7
43.Rd2 Qg3+ 44.Rg2 Qf4 45.Rf2 Qg3+ 46.Kf1 Qh3+  1/2-1/2

[Event "50th TCh-SRB Cup"]
[Site "Mataruska Banja SRB"]
[Date "2007.05.26"]
[Round "6"]
[White "Benkovic,P"]
[Black "Kovacevic,A"]
[Result "1-0"]
[WhiteElo "2433"]
[BlackElo "2555"]

1.d4 Nf6 2.c4 e6 3.Nf3 b6 4.g3 Ba6 5.Nbd2 Bb7 6.Bg2 c5 7.O-O cxd4 8.Nxd4 Bxg2
9.Kxg2 Qc7 10.Qb3 Nc6 11.Nxc6 dxc6 12.f4 Rd8 13.Qc3 Bc5 14.Nf3 a5 15.a3 a4
16.Qc2 Qa7 17.h3 O-O 18.Bd2 Qa6 19.Rac1 h6 20.g4 Be7 21.g5 hxg5 22.fxg5 Nh5
23.Qe4 Rxd2 24.Nxd2 Bxg5 25.e3 Bf6 26.Rc2 Qa5 27.c5 bxc5 28.Qxc6 Be7 29.Nc4 Qd8
30.Rd2 Qb8 31.Rf3 Nf6 32.Nb6 Qe5 33.Qxa4 Ne4 34.Rc2 Qg5+ 35.Kf1 f5 36.Qd7 Kf7
37.Nc8 Rxc8 38.Qxc8 Qh5 39.Rcf2 Bh4 40.Rxf5+  1-0

[Event "Spring Open"]
[Site "Uzhgorod UKR"]
[Date "2007.05.26"]
[Round "5"]
[White "Dovzik,J"]
[Black "Bernadskiy,V"]
[Result "1/2-1/2"]
[WhiteElo "2415"]
[BlackElo "2250"]

1.d4 e6 2.c4 Nf6 3.Nf3 b6 4.g3 Ba6 5.b3 Bb4+ 6.Bd2 Be7 7.Bg2 c6 8.Bc3 d5
9.Ne5 Nfd7 10.Nxd7 Nxd7 11.Nd2 f5 12.O-O O-O 13.a4 Bf6 14.Qc2 Rc8 15.Rfe1 c5
16.e3 Qc7 17.Rac1 Qd6 18.dxc5 Qxc5 19.Red1 Rfd8 20.Qb2 Bxc3 21.Qxc3 dxc4
22.Nxc4 Bxc4 23.Qxc4 Qxc4 24.Rxc4 Nc5 25.Rdc1 Rb8 26.b4 Nd3 27.Rd1 Nb2 28.Rxd8+ Rxd8
29.Rc7 Rd1+ 30.Bf1 Nxa4 31.Rxa7 Nc3 32.Kg2 Nd5 33.Bc4 Rd2 34.Kf1 Rb2 35.Rd7 Rxb4
36.Bxd5 exd5 37.Rxd5 g6 38.Rd7 b5 39.h4 Rb2 40.h5 b4 41.h6 b3 42.Rg7+ Kh8
43.Rb7 Kg8 44.Kg2 Rb1 45.Kf3 Rb2 46.Kf4 Rxf2+ 47.Kg5 Ra2 48.Rxb3 Ra8 49.Rb7 Re8
50.Rg7+ Kh8 51.Kf6 Rf8+ 52.Ke6 Re8+ 53.Re7 Rf8 54.Rd7 Kg8 55.Rg7+ Kh8 56.Rf7 Ra8
57.Rd7 Kg8 58.Kf6 Rf8+ 59.Kg5 Re8 60.Rg7+ Kh8 61.Rd7 Kg8 62.Kf4 Re4+ 63.Kg5 Re8
64.Rg7+ Kh8 65.Kf6 Ra8 66.Re7 Rf8+ 67.Kg5 Kg8 68.Kf4 Rf7 69.Re8+ Rf8 70.Re7 Rf7  1/2-1/2

[Event "8th United Insurance"]
[Site "Dhaka BAN"]
[Date "2007.05.27"]
[Round "1"]
[White "Rahman,Tai"]
[Black "Nguyen Anh Dung"]
[Result "0-1"]
[WhiteElo "2269"]
[BlackElo "2528"]

1.d4 Nf6 2.c4 e6 3.Nf3 b6 4.g3 Ba6 5.Qa4 c5 6.Bg2 Bb7 7.dxc5 Bxc5 8.O-O O-O
9.Nc3 Be7 10.Rd1 Na6 11.Bg5 Nc5 12.Qc2 Nfe4 13.Bxe7 Qxe7 14.Nd4 Nxc3 15.Qxc3 Rac8
16.Qa3 Bxg2 17.Kxg2 a6 18.Nb3 d6 19.Nxc5 Rxc5 20.Qxa6 Qc7 21.Qa3 Qc6+ 22.Kg1 h5
23.Qf3 Rxc4 24.Qxh5 Rc8 25.Qg5 d5 26.Rd2 Rc1+ 27.Rxc1 Qxc1+ 28.Kg2 Qe1 29.a3 g6
30.Rd4 Qxe2 31.Qd2 Qxd2 32.Rxd2 Kf8 33.Kf3 Ke7 34.Ke3 Kd6 35.Kd3 g5 36.f3 e5
37.Rc2 e4+ 38.fxe4 dxe4+ 39.Kd2 Rh8 40.Ke3 f5 41.Kd4 Rd8 42.Rc3 Ke6+ 43.Ke3 Ke5
44.Rb3 f4+ 45.Ke2 Rh8 46.Rb5+ Kd4 47.Rb4+ Kd5 48.gxf4 gxf4 49.Rxb6 Rxh2+
50.Ke1 e3 51.Rf6 Ke4 52.b4 Rh1+  0-1

[Event "50th TCh-SRB Cup"]
[Site "Mataruska Banja SRB"]
[Date "2007.05.27"]
[Round "7"]
[White "Markus,Rob"]
[Black "Pikula,D"]
[Result "1/2-1/2"]
[WhiteElo "2567"]
[BlackElo "2512"]

1.d4 Nf6 2.c4 e6 3.Nf3 b6 4.g3 Ba6 5.b3 Bb7 6.Bg2 Bb4+ 7.Bd2 a5 8.O-O O-O
9.Qc2 d6 10.Bc3 Nbd7 11.a3 Bxc3 12.Nxc3 e5 13.e4 c6 14.Rad1 Qc7 15.Rfe1 Rfe8
16.Qb2 Rad8 17.h3 Qb8 18.b4 axb4 19.axb4 exd4 20.Nxd4 Ne5 21.Qb3 c5 22.Nf5 g6
23.Ne3 Ned7 24.Qb1 cxb4 25.Qxb4 Re6 26.Ned5 Nxd5 27.cxd5 Re7 28.Re3 Ba6 29.Bf1 Bxf1
30.Rxf1 Nc5 31.Kg2 Rde8 32.Rb1 f5 33.e5 dxe5 34.Qxb6 Qxb6 35.Rxb6  1/2-1/2

[Event "ch-St Petersburg"]
[Site "St Petersburg RUS"]
[Date "2007.06.01"]
[Round "4"]
[White "Yevseev,D"]
[Black "Smirnov,Arte"]
[Result "1/2-1/2"]
[WhiteElo "2525"]
[BlackElo "2403"]

1.d4 Nf6 2.c4 e6 3.Nf3 b6 4.g3 Ba6 5.b3 d5 6.Bg2 Bb4+ 7.Bd2 Be7 8.cxd5 exd5
9.O-O O-O 10.Nc3 Bb7 11.Qc2 Na6 12.Bf4 h6 13.Rfd1 Qd7 14.a3 Rac8 15.b4 c5
16.bxc5 bxc5 17.Qb2 Ba8 18.Be5 Qe6 19.dxc5 Nxc5 20.Nb5 Na4 21.Qb3 Nc5 22.Qb2 Na4
23.Qd2 Bc5 24.Bd4 Qa6 25.Bxc5 Rxc5 26.Nbd4 Ne4 27.Qf4 Nac3 28.Re1 Bb7 29.Ne5 Bc8
30.Qf3  1/2-1/2

[Event "29th Mem Nezhmetdinov"]
[Site "Kazan RUS"]
[Date "2007.06.03"]
[Round "3"]
[White "Demin,V1"]
[Black "Zakhartsov,V"]
[Result "1/2-1/2"]
[WhiteElo "2440"]
[BlackElo "2551"]

1.d4 Nf6 2.Nf3 e6 3.c4 b6 4.g3 Ba6 5.b3 Bb4+ 6.Bd2 Be7 7.Bg2 c6 8.Bc3 d5
9.Ne5 Nbd7 10.Nxd7 Nxd7 11.Nd2 O-O 12.O-O Rc8 13.e4 c5 14.exd5 exd5 15.dxc5 dxc4
16.c6 cxb3 17.Re1 b2 18.Bxb2 Nc5 19.Nc4 Bxc4 20.Qg4 Bg5 21.Qxc4 Nd3 22.Be5 Nxe1
23.Rxe1 Re8 24.Bd5 Rc7 25.f4 Bf6 26.Rd1 Qc8 27.Bxc7 Qxc7 28.Bf3 Rd8 29.Rxd8+ Bxd8
30.Bd5 Qe7 31.Kg2 Kf8 32.Qd3 g6 33.Bf3 Bc7 34.Qa6 Bd6 35.Qd3  1/2-1/2

[Event "ch-Skopje"]
[Site "Skopje MKD"]
[Date "2007.06.03"]
[Round "5"]
[White "Larrachea,E"]
[Black "Mitkov,M"]
[Result "1-0"]
[WhiteElo "2300"]
[BlackElo "2401"]

1.d4 Nf6 2.c4 e6 3.Nf3 b6 4.g3 Ba6 5.Nbd2 Bb7 6.Bg2 c5 7.O-O d5 8.cxd5 exd5
9.e4 dxe4 10.Ng5 Nc6 11.Ndxe4 Nxe4 12.Bxe4 Qxd4 13.Qe2 Be7 14.Bf4 Qf6 15.Rad1 h6
16.Nf3 O-O 17.Rd7 Bc8 18.Rc7 Bh3 19.Rxc6 Bxf1 20.Kxf1 Rae8 21.Rxf6 Bxf6 22.Bd6  1-0

[Event "1st Alushta Summer"]
[Site "Alushta UKR"]
[Date "2007.06.05"]
[Round "5"]
[White "Amanov,M"]
[Black "Lazarov,A RUS"]
[Result "1/2-1/2"]
[WhiteElo "2347"]
[BlackElo "2345"]

1.d4 Nf6 2.Nf3 e6 3.c4 b6 4.g3 Ba6 5.b3 Bb4+ 6.Bd2 Be7 7.Bg2 c6 8.Bc3 d5
9.Ne5 Nfd7 10.Nxd7 Nxd7 11.Nd2 O-O 12.O-O Rc8 13.e4 b5 14.Re1 bxc4 15.bxc4 Bxc4
16.Nxc4 dxc4 17.Qe2 c5 18.d5 exd5 19.exd5 Bf6 20.Bxf6 Qxf6 21.Qe7 Rcd8 22.Rac1 Nb6
23.Qxc5 Qd6 24.Qa5 Rd7 25.a4 Rc7 26.Red1 g6 27.Qa6 Rd8 28.Bf1 c3 29.a5 Nxd5
30.Qxd6 Rxd6 31.Bg2 Rc5 32.a6 Kf8 33.Bxd5 Rdxd5 34.Rxd5 Rxd5 35.Rxc3 Rd6
36.Ra3 Ke7 37.Kg2 Kd7 38.Kf3 Kc7 39.Ke4 Kb6 40.g4 Re6+ 41.Kf4 Rf6+ 42.Kg3 g5
43.Ra2 Kb5 44.h4 h6 45.hxg5 hxg5 46.Rd2 Kxa6 47.Rd5 Rg6 48.Rf5 f6 49.Kf3 Kb6
50.Ke4 Rh6 51.f3 Kc7 52.Rc5+ Kb6 53.Rf5 Kc6 54.Ra5 Kb7 55.Rb5+ Kc6 56.Ra5 Kb6
57.Rf5 a5 58.Kd4 a4 59.Kc4 Kc6 60.Ra5 Kd6 61.Kd4 Rh1 62.Rxa4 Re1  1/2-1/2

[Event "TCh-BIH"]
[Site "Vogosca BIH"]
[Date "2007.06.05"]
[Round "4"]
[White "Gyimesi,Z"]
[Black "Kovacevic,A"]
[Result "1-0"]
[WhiteElo "2617"]
[BlackElo "2555"]

1.d4 Nf6 2.c4 e6 3.Nf3 b6 4.g3 Ba6 5.Qb3 Nc6 6.Nbd2 d5 7.Bg2 Bd6 8.cxd5 exd5
9.Qa4 Bb7 10.Nc4 Bb4+ 11.Bd2 Bxd2+ 12.Ncxd2 O-O 13.O-O Qd6 14.e3 a5 15.Rfc1 Nb4
16.Ne1 c5 17.dxc5 bxc5 18.a3 Bc6 19.Qd1 Na6 20.e4 Rfd8 21.exd5 Bxd5 22.Nc4 Qe6
23.Bxd5 Rxd5 24.Qf3 Rb8 25.Ng2 Rd4 26.Nf4 Qe4 27.Qxe4 Nxe4 28.Rc2 a4 29.Ne2 Rd3
30.Rac1 f6 31.Kg2 Nc7 32.Nf4 Rd4 33.h4 g5 34.Ne2 Rd3 35.f3 Nd6 36.Nxd6 Rxd6
37.hxg5 fxg5 38.Rxc5 Rxb2 39.Rxg5+ Kf8 40.Rxc7 Rxe2+ 41.Kh3 Re7 42.Rxe7 Kxe7
43.Rg7+ Kf6 44.Rxh7 Rd3 45.Kg4 Rxa3 46.Ra7 Ke5 47.f4+ Kd4 48.f5 Ke3 49.Kh5 Kf3
50.g4  1-0